Sports Quiz

Random Sports or Clickable Quiz

Triple Crown Winner Search Quiz Stats

 Plays Quiz Updated Jun 12, 2018

Score 0/13 Timer 04:00
0 Plays Today
% Correct
Secretariat
84.1%
American Pharoah
82.9%
Affirmed
78.1%
Seattle Slew
71.7%
War Admiral
69.3%
Citation
57.5%
Justify
54.4%
Gallant Fox
41%
Sir Barton
38.3%
Whirlaway
37.9%
Omaha
33.8%
Count Fleet
33.8%
Assault
32.5%

You're not logged in!

Compare scores with friends on all Sporcle quizzes.
OR
Log In

You Might Also Like...

Show Comments

Extras

Top Quizzes Today


Score Distribution

Your Account Isn't Verified!

In order to create a playlist on Sporcle, you need to verify the email address you used during registration. Go to your Sporcle Settings to finish the process.

Report this User

Report this user for behavior that violates our Community Guidelines.

Details: